00754nam a2200229 a 450000100060000000300080000600500170001400800410003103500190007204000270009104100080011808200250012610000180015124500490016926000410021830000250025950400260028465000340031094200120034499900170035695201510037361131BD-RjUL20211209080926.0170115s1966 pak b s000 0 eng  a(BD-RjUL)61255 aDLCcDLCdBD-RjULbeng aeng00a658.15223bPIS 1966 aPinto9182425 aA study of financial administration /cPinto aKarachi :bAsian Book Centre,c1966. aiv, 168 p. ;c19 cm. aInclude Bibliography  aFinancial Management.9179773 2ddccBK c61131d61131 00102ddc40708NFICaRUCLbRUCLcReadingd1967-05-16eUniversity Book Agencyg6.00l0o658.15 PIS 1966r2017-01-15 00:00:00tC-1w2017-01-15yBK